Vista normal Vista MARC

Entrada Materia (personas)

Número de registros utilizados en: 1

001 - CONTROL NUMBER

  • control field: 184048

003 - CONTROL NUMBER IDENTIFIER

  • control field: Co-BoUCM

005 - DATE AND TIME OF LATEST TRANSACTION

  • control field: 20250120155248.0

008 - FIXED-LENGTH DATA ELEMENTS

  • fixed length control field: 250120|| aca||aabn | a|a d

040 ## - CATALOGING SOURCE

  • Original cataloging agency: Co-BoUCM
  • Transcribing agency: Co-BoUCM

100 ## - HEADING--PERSONAL NAME

  • Personal name: Andrée, Salomon August
  • Dates associated with a name: 1854-1897

670 ## - SOURCE DATA FOUND

  • Source citation: Work cat.: (Co-BoUCM): Andrée, Salomon August 1854-1897, En ballon vers le Pôle., 1931